Normal view MARC view
  • Judaísmo

Entry Materia

Number of records used in: 7

001 - NÚMERO DE CONTROL DEL REGISTRO

  • campo de control: 12073

003 - IDENTIFICADOR DE NUMERO DE CONTROL

  • campo de control: UPN

005 - FECHA Y HORA DE LA ÚLTIMA TRANSACCIÓN

  • campo de control: 20220903181119.0

008 - DATOS DE LONGITUD FIJA

  • campo de control de longitud fija: 220903nn acannaabn n ana d

035 ## - NÚMERO DE CONTROL DEL SISTEMA

  • Número de control del sistema: UPN10000012080

040 ## - FUENTE DE LA CATALOGACIÓN

  • Lengua de catalogación: SPA
  • Agencia de transcripción: UPN
  • Centro catalogador de origen: UPN

046 ## - FECHAS CON CODIFICACIÓN ESPECIAL

  • Fecha final para contenidos agregados: 2022

150 ## - ENCABEZAMIENTO - TEMÁTICO

  • Término de materia o nombre geográfico como elemento inicial: Judaísmo

360 ## - REFERENCIA COMPLEJA DE VÉASE ADEMÁS - MATERIA

  • Texto explicativo: Encabezamientos especiales con judaísmo entre paréntesis, ej. :
  • Encabezamiento al que se remite: ARREPENTIMIENTO (JUDAISMO)

670 ## - FUENTE EN LA QUE SE LOCALIZARON DATOS

  • Cita de la fuente: E

680 ## - NOTA GENERAL CON DESPLIEGUE PÚBLICO

  • Texto explicativo: Aquí se asientan las obras sobre la fe y práctica judáicas en las que se trata la corriente principal del judaísmo ortodoxo sin enfatizar ninguna separación. Las obras de la religión judía se asientan bajo el encabezamiento:
  • Encabezamiento: TEOLOGIA JUDAICA
  • Texto explicativo: Las obras polémicas que se limitan a cualquiera de las sectas, cismas o divisiones dentro del judaísmo se asientan bajo ese movimiento, ejemplo:
  • Encabezamiento: CIENCIA JUDIA; HASIDISMO; JUDAISMO - REFORMA
  • Texto explicativo: Encabezamientos especiales con judaísmo entre paréntesis, ejemplo:
  • Encabezamiento: ARREPENTIMIENTO (JUDAISMO)

902 ## - CATALOGADOR

  • Catalogador: MCM/110509